000 00475nam a2200145Ia 4500
008 211109s9999||||xx |||||||||||||| ||und||
082 _a894.812
_bPAR-T
100 _aUlloor, Parameswara Aiyer S
245 0 _aTharangini Part Iii
260 _bNATIONAL BOOKSTALL
_aKottayam
_c1900
300 _a33p.
630 _xGeneral Stack
650 _aLiteratures of other languages
_vAltaic, Uralic, Hyperborean & DravidianMalayalam LiteratureMalayalam Poetry
_xGeneralia
942 _cBOOK
999 _c5328
_d5328